Dilemmatic Anglo-Indians of 1947: To stay back or to progress towards a foreign future (Record no. 512620)

000 -LEADER
fixed length control field 00488nam a2200145 4500
008 - FIXED-LENGTH DATA ELEMENTS--GENERAL INFORMATION
fixed length control field 191204b ||||| |||| 00| 0 eng d
100 ## - MAIN ENTRY--PERSONAL NAME
Personal name Rathaur, Kmakshi
245 ## - TITLE STATEMENT
Title Dilemmatic Anglo-Indians of 1947: To stay back or to progress towards a foreign future
260 ## - PUBLICATION, DISTRIBUTION, ETC. (IMPRINT)
Name of publisher, distributor, etc Research Journal Social Sciences
300 ## - PHYSICAL DESCRIPTION
Extent 26(3), 2018: p.103-116.
650 ## - SUBJECT ADDED ENTRY--TOPICAL TERM
Topical term or geographic name as entry element Anglo-Indians
9 (RLIN) 14211
773 ## - HOST ITEM ENTRY
Main entry heading Research Journal Social Sciences
906 ## - LOCAL DATA ELEMENT F, LDF (RLIN)
Subject DIP History - India
942 ## - ADDED ENTRY ELEMENTS (KOHA)
Source of classification or shelving scheme
Item type Articles
Holdings
Withdrawn status Lost status Source of classification or shelving scheme Damaged status Not for loan Permanent location Current location Date acquired Serial Enumeration / chronology Barcode Date last seen Koha item type
          Indian Institute of Public Administration Indian Institute of Public Administration 2019-12-04 26(3), 2018: p.103-116. AR121969 2019-12-04 Articles

Powered by Koha